<?xml version="1.0" encoding="UTF-8"?><?xml-stylesheet type="text/xsl" href="static/style.xsl"?><OAI-PMH xmlns="http://www.openarchives.org/OAI/2.0/" xmlns:xsi="http://www.w3.org/2001/XMLSchema-instance" xsi:schemaLocation="http://www.openarchives.org/OAI/2.0/ http://www.openarchives.org/OAI/2.0/OAI-PMH.xsd"><responseDate>2026-04-14T04:47:51Z</responseDate><request verb="GetRecord" identifier="oai:www.recercat.cat:2072/266215" metadataPrefix="marc">https://recercat.cat/oai/request</request><GetRecord><record><header><identifier>oai:recercat.cat:2072/266215</identifier><datestamp>2024-12-13T10:06:42Z</datestamp><setSpec>com_2072_96871</setSpec><setSpec>com_2072_96852</setSpec><setSpec>com_2072_2015</setSpec><setSpec>col_2072_96872</setSpec></header><metadata><record xmlns="http://www.loc.gov/MARC21/slim" xmlns:dcterms="http://purl.org/dc/terms/" xmlns:xsi="http://www.w3.org/2001/XMLSchema-instance" xmlns:doc="http://www.lyncode.com/xoai" xsi:schemaLocation="http://www.loc.gov/MARC21/slim http://www.loc.gov/standards/marcxml/schema/MARC21slim.xsd">
   <leader>00925njm 22002777a 4500</leader>
   <datafield ind2=" " ind1=" " tag="042">
      <subfield code="a">dc</subfield>
   </datafield>
   <datafield ind2=" " ind1=" " tag="720">
      <subfield code="a">Ruiz Mallen, Isabel</subfield>
      <subfield code="e">author</subfield>
   </datafield>
   <datafield ind2=" " ind1=" " tag="720">
      <subfield code="a">Riboli-Sasco, Livio</subfield>
      <subfield code="e">author</subfield>
   </datafield>
   <datafield ind2=" " ind1=" " tag="720">
      <subfield code="a">Ribrault, Claire</subfield>
      <subfield code="e">author</subfield>
   </datafield>
   <datafield ind2=" " ind1=" " tag="720">
      <subfield code="a">Heras López, Maria</subfield>
      <subfield code="e">author</subfield>
   </datafield>
   <datafield ind2=" " ind1=" " tag="720">
      <subfield code="a">Laguna, Daniel</subfield>
      <subfield code="e">author</subfield>
   </datafield>
   <datafield ind2=" " ind1=" " tag="720">
      <subfield code="a">Perié, Leïla</subfield>
      <subfield code="e">author</subfield>
   </datafield>
   <datafield ind2=" " ind1=" " tag="520">
      <subfield code="a">Citizen science can raise people¿s understanding of science while helping scientists to conduct their research. Yet, its potential for driving transformative learning is empirically underexplored. We present the results of focus groups and participant
observation with secondary-school students engaged in the first three years of a
citizen science project, from the formulation of the research questions to data
analysis and discussion. Students learnt about and increased their interest in
neuroscience. They were also able to reflect on the role of science for society and
valued their involvement as active participants in the research. We discuss the
opportunities and challenges of approaching citizen science for transformative
learning.</subfield>
   </datafield>
   <datafield ind2=" " ind1=" " tag="520">
      <subfield code="a">La ciencia ciudadana puede aumentar la comprensión de la gente acerca de la ciencia al mismo tiempo que ayuda a los científicos para llevar a cabo su investigación. Sin embargo, su potencial para la conducción del aprendizaje transformativo ha sido empíricamente poco explorado. Presentamos los resultados de grupos foco y la observación participante con estudiantes de escuela secundaria comprometidos en los tres primeros años de un proyecto de ciencia ciudadana, desde la formulación de las preguntas de investigación al análisis de datos y la discusión. Los estudiantes aprendieron sobre ello y aumentaron su interés en la neurociencia. Ellos fueron también capaces de reflexionar sobre el papel de la ciencia para la sociedad y valoraron su participación como participantes activos en la investigación. Se discuten las oportunidades y desafíos de acercarse a la ciencia de los ciudadanos para un aprendizaje transformador.</subfield>
   </datafield>
   <datafield ind2=" " ind1=" " tag="520">
      <subfield code="a">La ciència ciutadana pot augmentar la comprensió de la gent sobre la ciència al mateix temps que ajuda als científics per dur a terme la seva investigació. No obstant això, el seu potencial per a la conducció de l'aprenentatge transformatiu ha sigut empíricament poc explorat. Presentem els resultats de grups focus i l'observació participant amb estudiants d'escola secundària compromesos en els tres primers anys d'un projecte de ciència ciutadana, des de la formulació de les preguntes d'investigació a l'anàlisi de dades i la discussió. Els estudiants van aprendre sobre això i van augmentar el seu interès en la neurociència. Ells van ser també capaços de reflexionar sobre el paper de la ciència per a la societat i valorar la seva participació com a participants actius en la investigació. Es discuteixen les oportunitats i desafiaments d'acostar-se a la ciència dels ciutadans per a un aprenentatge transformador.</subfield>
   </datafield>
   <datafield ind1="8" ind2=" " tag="024">
      <subfield code="a">Ruiz, I.; Riboli-Sasco, L.; Ribrault, C.;Heras, M.; Laguna, D.; Perié, L. (2016).Citizen science, engagement and transformative learning: a study of the co-construction of a neuroscience research in Catalonia.</subfield>
   </datafield>
   <datafield ind1="8" ind2=" " tag="024">
      <subfield code="a">1552-8545</subfield>
   </datafield>
   <datafield ind1="8" ind2=" " tag="024">
      <subfield code="a">http://hdl.handle.net/10609/54784</subfield>
   </datafield>
   <datafield tag="653" ind2=" " ind1=" ">
      <subfield code="a">public engagement</subfield>
   </datafield>
   <datafield tag="653" ind2=" " ind1=" ">
      <subfield code="a">science education</subfield>
   </datafield>
   <datafield tag="653" ind2=" " ind1=" ">
      <subfield code="a">scientific citizenship</subfield>
   </datafield>
   <datafield tag="653" ind2=" " ind1=" ">
      <subfield code="a">transformative learning</subfield>
   </datafield>
   <datafield tag="653" ind2=" " ind1=" ">
      <subfield code="a">young people</subfield>
   </datafield>
   <datafield tag="653" ind2=" " ind1=" ">
      <subfield code="a">participació del públic</subfield>
   </datafield>
   <datafield tag="653" ind2=" " ind1=" ">
      <subfield code="a">ensenyament de les ciències</subfield>
   </datafield>
   <datafield tag="653" ind2=" " ind1=" ">
      <subfield code="a">ciutadania científica</subfield>
   </datafield>
   <datafield tag="653" ind2=" " ind1=" ">
      <subfield code="a">aprenentatge transformador</subfield>
   </datafield>
   <datafield tag="653" ind2=" " ind1=" ">
      <subfield code="a">gent jove</subfield>
   </datafield>
   <datafield tag="653" ind2=" " ind1=" ">
      <subfield code="a">participación del público</subfield>
   </datafield>
   <datafield tag="653" ind2=" " ind1=" ">
      <subfield code="a">enseñanza de las ciencias</subfield>
   </datafield>
   <datafield tag="653" ind2=" " ind1=" ">
      <subfield code="a">ciudadanía científica</subfield>
   </datafield>
   <datafield tag="653" ind2=" " ind1=" ">
      <subfield code="a">aprendizaje transformador</subfield>
   </datafield>
   <datafield tag="653" ind2=" " ind1=" ">
      <subfield code="a">gente joven</subfield>
   </datafield>
   <datafield tag="653" ind2=" " ind1=" ">
      <subfield code="a">Science news</subfield>
   </datafield>
   <datafield tag="653" ind2=" " ind1=" ">
      <subfield code="a">Divulgació científica</subfield>
   </datafield>
   <datafield tag="653" ind2=" " ind1=" ">
      <subfield code="a">Divulgación científica</subfield>
   </datafield>
   <datafield ind2="0" ind1="0" tag="245">
      <subfield code="a">Citizen science, engagement and transformative learning: a study of the co-construction of a neuroscience research project in Catalonia</subfield>
   </datafield>
</record></metadata></record></GetRecord></OAI-PMH>